| 000 | 004130000a22001210004500 | ||
|---|---|---|---|
| 090 |
_aAS _bSeriadas |
||
| 245 | 1 | 0 | _aVertical stratification of four new world primates, at Tinigua National Park, Colombia |
| 041 | 0 | _aInglés | |
| 700 | 1 |
_aQuiñones, Marcela J. _994402 |
|
| 100 | 1 |
_aStenvenson, Pablo R. _9100243 |
|
| 942 | _cARTICULO | ||
| 773 | 1 |
_tField Studies of Fauna and Flora La Macarena, Colombia _q11-18 _d1993 _g8 |
|
| 999 |
_c16000 _d16000 |
||